000 00816nam a2200265Ia 4500
003 OSt
005 20220926005826.0
006 a|||||r|||| 00| 0
007 ta
008 220923b |||||||| |||| 00| 0 eng d
020 _a9788184780161
_c420.75
037 _b4370, 13/07/2011, RAJKIRAN BOOK AGENCY
_cGeneral Book
040 _aRTL
_cRTL
_beng
041 _2eng
_aeng
082 _aX:8C, P6/TD
100 _aSEHGAL Ashok
245 0 _aTAXMANN'S ADVANCED accounting
_b Financial accounting
250 _a6
260 _a New Delhi
_bTaxmann Allied
_c2006
300 _a1-20, 1276p
_ccm.
650 _aCommerce
700 _a SEHGAL Deepak
942 _hX:8C, P6/TD
_cGB
_2CC
999 _c615379
_d615379